00448nam a22001457a 450000500170000000800410001702000180005804000130007608200180008910000270010724501060013425000120024026000390025230000110029120200128113858.0200128b ||||| |||| 00| 0 eng d a9781285427348 cPK-LaUMT a370.15bBER-C aBergin, Christi Crosby aChild and adolescent development in your classroom /cby Christi Crosby Bergin and David Allen Bergin a2nd ed. aStamford :bCengage Learningc2015 a708 p.